000 03166nam a2200217Ia 4500
003 Ost
005 20260507074934.0
008 260507s9999||||xx |||||||||||||| ||und||
020 _a9789957113117
040 _cfsecg
041 _aara
082 _a657
100 _aالكبسي، عبد الستار
_eمؤلف
245 0 _aالشامل في مبادئ المحاسبة 1-2 /
_c عبد الستار الكبسي
260 _aعمان:
_bدار وائل للنشر,
_c2008
300 _a539 صفحة؛
_bإيضاحات ؛
_c24 سم
520 _a المقدمة-الفصل الأول : نشأة المحاسبة وتطورها : لمحة عن النشأة والبعد التاريخي للمحاسبة-الفصل الثاني : النموذج المحاسبي ومعادلة الميزانية : مفهوم النموذج المحاسبي ومعادلة الميزانية-الفصل الثالث : نظرية القيد في المحاسبة : مفهوم العمليات المالية-الفصل الرابع : الإطار العام للمجموعة المستندية والدفترية في المحاسبة : المجموعة المستندية في المحاسبة-الفصل الخامس : تسجيل العمليات المالية-دفتر اليومية : دفتر اليومية العامة-الفصل السادس : تلخيص بيانات الحاسب-دفتر الأستاذ : تنظيم العمل بدفتر الأستاذ العام-الفصل السابع : إعداد ميزان المراجعة : أغراض ومتطلبات إعداد ميزان المراجعة-الفصل الثامن : تحليل وقيد العمليات التمويلية : مصادر تمويل المشروع-الفصل التاسع : العمليات الإيرادية : تحليل وقيد عملية شراء البضائع : نظام الرقابة المحاسبية على البضائع-الفصل العاشر : العمليات الإيرادية : تحليل وقيد عمليات بيع البضائع : مقارنة عمليات البيع بعمليات الشراء-الفصل الحادي عشر : العمليات الإيرادية : تحليل وقيد عمليات الخصم : الخصم التجاري-الفصل الثاني عشر : تحليل وقيد العمليات الإيرادية الأخرى : العمليات الإيرادية غير الاعتيادية-الفصل الثالث عشر : تحليل وقيد العمليات الرأسمالية : اقتناء الأصول الثابتة-الفصل الرابع عشر : تحليل وقيد عمليات الأوراق المالية : أنواع الأوراق المالية-الفصل الخامس عشر : تحليل الأخطاء المحاسبية وتصحيحها : الخطأ والغش-الفصل السادس عشر : الجرد والتسويات الجردية : الأساس النقدي وأساس الاستحقاق-الفصل السابع عشر : الحسابات الختامية والقوائم المالية : تحضير الحسابات الختامية.
653 _aمحاسبة
653 _aمحاسبة مالية
942 _cكتاب
999 _c41877
_d41877